000
00361nam a2200169Ia 4500
001
6173
005
20250626025548.0
008
211022s9999 xx 000 0 und d
082
_a
749.63 GLA
100
_a
Glashutte
245
0
_a
Catalogue of Lighting Fitting
260
_a
Limburg
260
_b
Glashutte
260
_c
1973
300
_a
v.p
942
_c
BK
999
_c
5547
_d
5547